000 00960cam a2200253Ki 4500
020 _a0021787565 (student text)
020 _a9780021787562 (student text)
020 _a0021791406 (activity book)
020 _a9780021791408 (activity book)
020 _a0021787751 (teacher's planning guide)
020 _a9780021787753 (teacher's planning guide)
040 _cCAL
082 _a372 MAC 1993 A014 Or.
245 0 0 _aWindow to the sky /
260 _aNew York ;
_aChicago, Columbus :
_bMacmillan-McGraw Hill School Pub. Co.,
_c1993.
300 _a367 p. :
_bill. ;
_c29 cm. +
_eActivity book (122 p. : ill. ; 30 cm.) + teacher's planning guide (xv, 368 p., T105 : ill. ; 29 cm.)
490 1 _aA New View
500 _aThe New View language arts curriculum is a companion to the Write Idea! series.
650 0 _aReading (Elementary)
650 0 _aReading (Elementary)
650 0 _aReading (Primary)
650 0 _aReading (Primary)
942 _cEK
999 _c13362
_d13362